00635 2200241 4500001002300000005001700023006001900040008004100059035002500100040001200125082001400137084001400151090004500165100002300210245001500233250001200248260003100260300002800291850001500319990002300334990001800357990001800375NBPULOB00000000001099020140717093552.0a ||| | 161121| ||| |  a0010-071400000001396 aNPBULOB0 a398.Sup.b a398.Sup.b a300/Ilmu Pengetahuan Sosial/R. BACA ANAK0 aDrs. Y.B. Suparlan00aDatu Untal aCet VII aYogyakartabKanisiusc2003 a59 Hlm., Cet VIIbIllus aKPAD Lobar a5620 / Sumb / 2003 a17526/PN/2014 a17527/PN/2014